[Event "42nd Olympiad 2016"]
[Site "Baku AZE"]
[Date "2016.09.10"]
[Round "8.13"]
[Board "4"]
[White "Jianu, Vlad-Cristian"]
[Black "Can, Emre"]
[Result "0-1"]
[WhiteTitle "GM"]
[BlackTitle "GM"]
[WhiteElo "2554"]
[BlackElo "2565"]
[WhiteTeam "Romania"]
[BlackTeam "Turkey"]
[WhiteFideId "1208110"]
[BlackFideId "6302181"]
[EventDate "2016.09.02"]

1. d4 d6 2. Nf3 Nf6 3. c4 g6 4. Nc3 Bg7 5. Bg5 O-O 6. e3 c6 7. Be2 a6 8. O-O b5
9. a3 Nbd7 10. Rc1 Bb7 11. Qc2 bxc4 12. Bxc4 c5 13. Rfd1 cxd4 14. Nxd4 Rc8 15.
Qb3 Nc5 16. Qa2 Nce4 17. Nxe4 Nxe4 18. Bh4 d5 19. Be2 Rxc1 20. Rxc1 Qb6 21. Rd1
Rc8 22. Qb1 e5 23. Nf3 Qc7 24. Nd2 Nxd2 25. Rxd2 Qc1+ 26. Rd1 Qxb1 27. Rxb1 Rc2
28. Bd1 Rd2 29. Be7 e4 30. b4 d4 31. exd4 Bh6 32. Bc5 e3 33. d5 e2 34. Ba4 Rb2
35. Ra1 Ra2 36. Rb1 Rb2 37. Ra1 Ra2 38. Rb1 Bxd5 39. Be3 Bg7 0-1

[Event "42nd Olympiad 2016"]
[Site "Baku AZE"]
[Date "2016.09.10"]
[Round "8.14"]
[Board "1"]
[White "Nyback, Tomi"]
[Black "Durarbayli, Vasif"]
[Result "1/2-1/2"]
[WhiteTitle "GM"]
[BlackTitle "GM"]
[WhiteElo "2580"]
[BlackElo "2612"]
[WhiteTeam "Finland"]
[BlackTeam "Azerbaijan 2"]
[WhiteFideId "503142"]
[BlackFideId "13402935"]
[EventDate "2016.09.02"]

1. d4 Nf6 2. c4 g6 3. Nc3 d5 4. Nf3 Bg7 5. h4 dxc4 6. e4 c5 7. d5 O-O 8. Bxc4 b5
9. Bxb5 Nxe4 10. Nxe4 Qa5+ 11. Nc3 Bxc3+ 12. bxc3 Qxb5 13. h5 Qc4 14. hxg6 fxg6
15. Rh4 Qxc3+ 16. Bd2 Qd3 17. Bg5 Qxd1+ 18. Rxd1 Rf5 19. Re4 Bb7 20. Rxe7 Bxd5
21. Re8+ Kf7 22. Re7+ Kg8 23. Re8+ Kf7 24. Re7+ 1/2-1/2

[Event "42nd Olympiad 2016"]
[Site "Baku AZE"]
[Date "2016.09.10"]
[Round "8.14"]
[Board "2"]
[White "Abasov, Nijat"]
[Black "Ebeling, Daniel"]
[Result "1/2-1/2"]
[WhiteTitle "GM"]
[BlackTitle "IM"]
[WhiteElo "2552"]
[BlackElo "2468"]
[WhiteTeam "Azerbaijan 2"]
[BlackTeam "Finland"]
[WhiteFideId "13402960"]
[BlackFideId "505170"]
[EventDate "2016.09.02"]

1. e4 e5 2. Nf3 Nc6 3. Bb5 Nge7 4. Nc3 Ng6 5. h4 Nf4 6. d4 exd4 7. Bxf4 dxc3 8.
bxc3 Bc5 9. e5 d6 10. Nd4 O-O 11. Nxc6 bxc6 12. Bxc6 Ba6 13. Bxa8 Qxa8 14. Qf3
Qe8 15. Qe4 dxe5 16. Be3 Bd6 17. f3 f5 18. Qd5+ Kh8 19. a4 Qg6 20. Kf2 f4 21.
Bxa7 Qxc2+ 22. Kg1 Bd3 23. Kh2 e4 24. Rhc1 Qb2 25. Rg1 Qxc3 26. Bd4 Qb4 27. Rac1
Qxa4 28. fxe4 f3+ 29. e5 f2 30. Rgd1 Ba3 31. Rxd3 Bxc1 32. Rf3 Qe8 33. Bxf2 Rxf3
34. gxf3 Bf4+ 35. Bg3 Bxg3+ 36. Kxg3 Qg6+ 37. Kf2 Qc2+ 38. Ke3 Qc3+ 39. Kf4 Qb4+
40. Kg5 Qe7+ 41. Kg4 g6 42. e6 Kg8 43. f4 h5+ 44. Kf3 Qa3+ 45. Ke2 Qb2+ 46. Kd3
Qa3+ 47. Kc2 Qa4+ 48. Kc3 Qa3+ 49. Kc2 Qa4+ 50. Kc3 Qa3+ 51. Kc2 Qa4+ 1/2-1/2

[Event "42nd Olympiad 2016"]
[Site "Baku AZE"]
[Date "2016.09.10"]
[Round "8.14"]
[Board "3"]
[White "Sipila, Vilka"]
[Black "Guseinov, Gadir"]
[Result "0-1"]
[WhiteTitle "IM"]
[BlackTitle "GM"]
[WhiteElo "2447"]
[BlackElo "2625"]
[WhiteTeam "Finland"]
[BlackTeam "Azerbaijan 2"]
[WhiteFideId "505455"]
[BlackFideId "13401378"]
[EventDate "2016.09.02"]

1. e4 c5 2. Nf3 Nc6 3. d4 cxd4 4. Nxd4 g6 5. Nc3 Bg7 6. Be3 Nf6 7. Bc4 Qa5 8.
O-O O-O 9. Bb3 d6 10. h3 Bd7 11. Re1 Rac8 12. Nf3 Qh5 13. Qe2 Ng4 14. hxg4 Bxg4
15. Qb5 Bxf3 16. Qxh5 Bxh5 17. f3 g5 18. Bxg5 Bxc3 19. bxc3 Kg7 20. Be3 Bg6 21.
Kf2 h5 22. Rh1 Rh8 23. Bc4 b6 24. a4 Na5 25. Bd3 f6 26. Bd2 Rc5 27. Rh4 Nc4 28.
Bxc4 Rxc4 29. Rhh1 d5 30. exd5 Rd8 31. Ra3 Rxd5 32. Be3 Bxc2 33. a5 bxa5 34. Rc1
Bd1 35. Ke1 Ba4 36. Rca1 Bb5 37. Rxa5 a6 38. R5a3 Rd3 39. Bd2 Rh4 40. R1a2 Rh1+
41. Kf2 Rd5 42. Be3 Rdd1 43. Rd2 Rde1 44. Ba7 h4 45. g4 Rhg1 46. g5 Ref1+ 47.
Ke3 Rxg5 48. Bb8 e5 49. Rh2 Rg3 50. Rxh4 Rgxf3+ 51. Ke4 Bc6# 0-1

[Event "42nd Olympiad 2016"]
[Site "Baku AZE"]
[Date "2016.09.10"]
[Round "8.14"]
[Board "4"]
[White "Guliyev, Namig"]
[Black "Luukkonen, Tommi"]
[Result "1-0"]
[WhiteTitle "GM"]
[BlackTitle "FM"]
[WhiteElo "2577"]
[BlackElo "2354"]
[WhiteTeam "Azerbaijan 2"]
[BlackTeam "Finland"]
[WhiteFideId "13400363"]
[BlackFideId "501808"]
[EventDate "2016.09.02"]

1. e4 c5 2. Nf3 d6 3. d4 cxd4 4. Nxd4 Nf6 5. Nc3 a6 6. Be3 e6 7. a4 Be7 8. a5
O-O 9. Be2 d5 10. exd5 Nxd5 11. Nxd5 Qxd5 12. O-O Rd8 13. c4 Qe5 14. Nf3 Qf5 15.
Qb3 Nc6 16. Bb6 Re8 17. Bd3 Qh5 18. Rfe1 e5 19. Be4 f6 20. Bd5+ Kh8 21. Rad1 Bf5
22. h3 e4 23. Nd4 Bd7 24. Nxc6 Bxc6 25. Bxc6 bxc6 26. Rxe4 Bc5 27. Qf3 Qxf3 28.
gxf3 Bf8 29. Rxe8 Rxe8 30. Rd7 1-0

[Event "42nd Olympiad 2016"]
[Site "Baku AZE"]
[Date "2016.09.10"]
[Round "8.15"]
[Board "1"]
[White "Zhigalko, Sergei"]
[Black "Peralta, Fernando"]
[Result "1-0"]
[WhiteTitle "GM"]
[BlackTitle "GM"]
[WhiteElo "2652"]
[BlackElo "2590"]
[WhiteTeam "Belarus"]
[BlackTeam "Argentina"]
[WhiteFideId "13502956"]
[BlackFideId "105309"]
[EventDate "2016.09.02"]

1. e4 c6 2. d4 d5 3. e5 Bf5 4. Nf3 e6 5. Be2 Nd7 6. O-O Ne7 7. Nbd2 h6 8. a4 Qc7
9. a5 g5 10. c4 Bg7 11. a6 b6 12. cxd5 exd5 13. Re1 f6 14. exf6 Bxf6 15. Nf1
O-O-O 16. Ng3 Rhf8 17. h3 Be4 18. Be3 Nf5 19. Nxf5 Bxf5 20. Rc1 Rfe8 21. b4 Re6
22. b5 Kb8 23. Qb3 c5 24. Bd3 Bxd3 25. Qxd3 c4 26. Qf5 Nf8 27. h4 Qd7 28. hxg5
hxg5 29. Nxg5 Bxg5 30. Qxg5 Ng6 31. Bf4+ Nxf4 32. Qxf4+ Kc8 33. Rxe6 Qxe6 34. g3
Re8 35. Kg2 Qe4+ 36. Qxe4 Rxe4 37. Rd1 Re2 38. g4 Kd7 39. Kf3 Rb2 40. Re1 Rxb5
41. g5 Rb3+ 42. Kg2 1-0

[Event "42nd Olympiad 2016"]
[Site "Baku AZE"]
[Date "2016.09.10"]
[Round "8.15"]
[Board "2"]
[White "Mareco, Sandro"]
[Black "Zhigalko, Andrey"]
[Result "1-0"]
[WhiteTitle "GM"]
[BlackTitle "GM"]
[WhiteElo "2606"]
[BlackElo "2591"]
[WhiteTeam "Argentina"]
[BlackTeam "Belarus"]
[WhiteFideId "112275"]
[BlackFideId "13502247"]
[EventDate "2016.09.02"]

1. Nf3 d5 2. c4 e6 3. d4 Nf6 4. g3 Be7 5. Bg2 O-O 6. O-O dxc4 7. Qc2 a6 8. a4
Nc6 9. Qxc4 Qd5 10. Nbd2 Rd8 11. e3 Qh5 12. Ne1 e5 13. dxe5 Ng4 14. Ndf3 Be6 15.
Qc2 Bf5 16. Qb3 Be4 17. h3 Ngxe5 18. g4 Qg6 19. a5 Bd5 20. Qa4 Bc4 21. Bd2 Bxf1
22. Bxf1 Bf6 23. Rc1 h5 24. Nxe5 Nxe5 25. Bc3 hxg4 26. Bxe5 Bxe5 27. hxg4 c6 28.
Rc4 Rd7 29. Nf3 Bxb2 30. Qb3 Bf6 31. Rf4 Re8 32. Qa4 Ree7 33. Bc4 Kf8 34. Qb4
Ke8 35. Kg2 1-0

[Event "42nd Olympiad 2016"]
[Site "Baku AZE"]
[Date "2016.09.10"]
[Round "8.15"]
[Board "3"]
[White "Stupak, Kirill"]
[Black "Flores, Diego"]
[Result "1-0"]
[WhiteTitle "GM"]
[BlackTitle "GM"]
[WhiteElo "2561"]
[BlackElo "2595"]
[WhiteTeam "Belarus"]
[BlackTeam "Argentina"]
[WhiteFideId "13503758"]
[BlackFideId "108049"]
[EventDate "2016.09.02"]

1. c4 c5 2. Nf3 g6 3. g3 Bg7 4. Bg2 Nc6 5. Nc3 e6 6. O-O Nge7 7. d4 cxd4 8. Nb5
Nf5 9. g4 a6 10. Qa4 axb5 11. Qxa8 Nd6 12. cxb5 Nxb5 13. Bg5 f6 14. Bd2 h5 15.
g5 f5 16. Qa4 Nd6 17. e3 Ne4 18. exd4 Nxd2 19. Nxd2 Nxd4 20. f4 h4 21. h3 Qb6
22. Kh2 Qxb2 23. Nc4 b5 24. Qa8 bxc4 25. Rab1 Qc3 26. Qxc8+ Ke7 27. Qc5+ Kf7 28.
Qc7 Ke7 29. Rbc1 Qg3+ 30. Kh1 Qa3 31. Qxc4 Rb8 32. Rfd1 Qe3 33. Qc5+ Ke8 34. Qd6
Rd8 35. Rc7 Nb5 36. Qc5 Nd4 37. Rf1 Qd2 38. Kh2 Qxa2 39. Rc8 Rxc8 40. Qxc8+ Ke7
41. Qg8 Bf8 42. Qh7+ Kd8 43. Qh8 Qd2 44. Qxf8+ Kc7 45. Qc5+ Kd8 46. Ra1 Nc6 47.
Ra8+ Kc7 48. Ra7+ Kc8 49. Qf8+ 1-0

[Event "42nd Olympiad 2016"]
[Site "Baku AZE"]
[Date "2016.09.10"]
[Round "8.15"]
[Board "4"]
[White "Pichot, Alan"]
[Black "Aleksandrov, Aleksej"]
[Result "1/2-1/2"]
[WhiteTitle "GM"]
[BlackTitle "GM"]
[WhiteElo "2536"]
[BlackElo "2547"]
[WhiteTeam "Argentina"]
[BlackTeam "Belarus"]
[WhiteFideId "110973"]
[BlackFideId "13500139"]
[EventDate "2016.09.02"]

1. e4 e5 2. Nf3 Nc6 3. Bb5 Nf6 4. d3 Bc5 5. c3 O-O 6. O-O d6 7. Nbd2 Ne7 8. d4
exd4 9. cxd4 Bb6 10. Re1 Bg4 11. h3 Bh5 12. a4 a6 13. Bf1 Nc6 14. a5 Nxa5 15. d5
c5 16. b3 Bc7 17. Bb2 b5 18. g4 Bg6 19. Nh4 Re8 20. Nf5 Bxf5 21. gxf5 Nb7 22.
Re3 Kh8 23. Rg3 Rg8 24. Ra2 Ba5 25. Bg2 Rc8 26. Qe2 c4 27. bxc4 Bxd2 28. Qxd2
Rxc4 29. f3 Nc5 30. Bf1 Ra4 31. Rxa4 Nxa4 32. Bd4 Nd7 33. h4 Nac5 34. Qb2 f6 35.
h5 h6 36. Kh2 Qe8 37. Qg2 Qf7 38. Be2 Rc8 39. f4 Re8 40. Re3 Rb8 41. Qf1 Qe8 42.
e5 fxe5 43. fxe5 dxe5 44. f6 Qf7 45. fxg7+ Qxg7 46. Bxc5 Nxc5 47. Rg3 Rf8 48.
Qc1 Rf2+ 49. Kh3 Qf8 50. Qe3 Kh7 51. Bg4 Rf4 52. Qxe5 Ne4 53. Qc7+ Kh8 54. Qe5+
Kh7 55. Qc7+ Kh8 1/2-1/2

[Event "42nd Olympiad 2016"]
[Site "Baku AZE"]
[Date "2016.09.10"]
[Round "8.16"]
[Board "2"]
[White "Iordachescu, Viorel"]
[Black "Bachmann, Axel"]
[Result "1-0"]
[WhiteTitle "GM"]
[BlackTitle "GM"]
[WhiteElo "2584"]
[BlackElo "2641"]
[WhiteTeam "Moldova"]
[BlackTeam "Paraguay"]
[WhiteFideId "13900200"]
[BlackFideId "3700488"]
[EventDate "2016.09.02"]

1. e4 c5 2. Nf3 Nc6 3. d4 cxd4 4. Nxd4 e6 5. Nc3 Qc7 6. Be2 a6 7. O-O Nf6 8. Kh1
Nxd4 9. Qxd4 Bc5 10. Qd3 h5 11. f4 b5 12. Bf3 Ng4 13. e5 Bb7 14. Bxb7 Qxb7 15.
Ne4 Rc8 16. Bd2 Be7 17. c3 f5 18. exf6 gxf6 19. Rae1 f5 20. Ng5 h4 21. h3 Nf6
22. Re5 Nh5 23. Rfe1 Rg8 24. b3 Rc5 25. Rxc5 Bxc5 26. Be3 Be7 27. Qd2 Qc7 28.
Qf2 Ng3+ 29. Kg1 Bxg5 30. fxg5 Qxc3 31. Rd1 e5 32. Qf3 Rg6 33. Qa8+ Ke7 34. Qa7
Qc8 35. Bc5+ Ke8 36. Rd5 Re6 37. g6 Nh5 38. Be3 Ng7 39. Rc5 Qd8 40. Qb7 Rb6 41.
Rxe5+ Re6 42. Bb6 1-0

[Event "42nd Olympiad 2016"]
[Site "Baku AZE"]
[Date "2016.09.10"]
[Round "8.16"]
[Board "3"]
[White "Cubas, Jose Fernando"]
[Black "Svetushkin, Dmitry"]
[Result "0-1"]
[WhiteTitle "GM"]
[BlackTitle "GM"]
[WhiteElo "2470"]
[BlackElo "2543"]
[WhiteTeam "Paraguay"]
[BlackTeam "Moldova"]
[WhiteFideId "3700267"]
[BlackFideId "13900463"]
[EventDate "2016.09.02"]

1. e4 c6 2. d4 d5 3. e5 Bf5 4. Nf3 e6 5. a3 Bg6 6. Nbd2 Nh6 7. Be2 Nf5 8. O-O
Nd7 9. Nb3 a6 10. Bd2 c5 11. dxc5 Bxc5 12. Nxc5 Nxc5 13. Bb4 b6 14. a4 Qc7 15.
a5 O-O 16. g4 Ne7 17. axb6 Qxb6 18. Qd4 Nc6 19. Qxc5 Qxb4 20. Qxb4 Nxb4 21. c3
Bd3 22. Rfe1 Bxe2 23. Rxe2 Nd3 24. b4 Rfc8 25. Re3 Rxc3 26. b5 a5 27. b6 Rb8 28.
Nd4 h5 29. Rd1 Nb2 30. Rxc3 Nxd1 31. Rd3 Nb2 32. Rb3 Nc4 33. b7 a4 34. Rb5 a3
35. f4 a2 36. Nb3 Na3 37. Rb6 Nc2 38. gxh5 Kh7 39. Rc6 Nd4 0-1

[Event "42nd Olympiad 2016"]
[Site "Baku AZE"]
[Date "2016.09.10"]
[Round "8.16"]
[Board "4"]
[White "Vedmediuc, Serghei"]
[Black "Franco Ocampos, Zenon"]
[Result "1-0"]
[WhiteTitle "IM"]
[BlackTitle "GM"]
[WhiteElo "2437"]
[BlackElo "2496"]
[WhiteTeam "Moldova"]
[BlackTeam "Paraguay"]
[WhiteFideId "13900790"]
[BlackFideId "2209381"]
[EventDate "2016.09.02"]

1. e4 e6 2. d4 d5 3. Nc3 dxe4 4. Nxe4 Nd7 5. g3 Ngf6 6. Nxf6+ Nxf6 7. Bg2 c5 8.
Nf3 cxd4 9. Qxd4 Qxd4 10. Nxd4 Bc5 11. Nb3 Bd6 12. Be3 Ng4 13. Bd2 Ke7 14. h3
Ne5 15. O-O-O Rd8 16. Na5 Rb8 17. f4 Nd7 18. Be3 Bc7 19. Nb3 Bb6 20. Rhe1 Nf6
21. Bd2 Ke8 22. g4 Bc7 23. f5 h6 24. Be3 Rxd1+ 25. Kxd1 b6 26. Nd4 Bd7 27. Bd2
Ke7 28. Bb4+ Bd6 29. fxe6 Bxb4 30. exd7+ Bxe1 31. Nc6+ Kxd7 32. Nxb8+ Kc8 33.
Nc6 Bg3 34. Nxa7+ Kd7 35. Nb5 h5 36. Bf3 hxg4 37. hxg4 Be5 38. c3 Ne8 39. Ke2
Nd6 40. Na7 g6 41. Nc6 Bg7 42. Kd3 f5 43. Nd4 Bf6 44. a4 fxg4 45. Bxg4+ Kc7 46.
Be6 g5 47. b4 Be5 48. c4 Bg3 49. Bd5 Be1 50. c5 Nc8 51. Kc4 bxc5 52. Ne6+ Kb6
53. a5+ Ka7 54. Kxc5 g4 55. Nd8 Ne7 56. Be4 g3 57. Kb5 Kb8 58. Bg2 Bd2 59. Ka4
Nf5 60. Nc6+ Kc7 61. b5 Be3 62. Nb4 Ne7 63. b6+ Kd6 64. Kb5 Bf2 65. Nc6 Nxc6 66.
Bxc6 1-0

[Event "42nd Olympiad 2016"]
[Site "Baku AZE"]
[Date "2016.09.10"]
[Round "8.17"]
[Board "1"]
[White "Ivanisevic, Ivan"]
[Black "Arenas, David"]
[Result "1-0"]
[WhiteTitle "GM"]
[BlackTitle "IM"]
[WhiteElo "2650"]
[BlackElo "2490"]
[WhiteTeam "Serbia"]
[BlackTeam "Colombia"]
[WhiteFideId "912417"]
[BlackFideId "4403177"]
[EventDate "2016.09.02"]

1. d4 Nf6 2. c4 g6 3. g3 Bg7 4. Bg2 O-O 5. Nc3 d6 6. Nf3 Nbd7 7. O-O e5 8. e3 c6
9. a4 Qc7 10. b3 Re8 11. Ba3 Bf8 12. Nd2 Rb8 13. d5 Kg7 14. g4 h6 15. h4 a6 16.
g5 hxg5 17. hxg5 Nh7 18. Nde4 c5 19. f4 exf4 20. exf4 Kg8 21. f5 gxf5 22. Qh5
Ne5 23. Nf6+ Nxf6 24. gxf6 Ng6 25. Kf2 Qd8 26. Rh1 Bh6 27. Qxh6 Qxf6 28. Qd2 b5
29. axb5 axb5 30. cxb5 Ne5 31. Rh5 Ng4+ 32. Kg1 Re3 33. Bb2 Qg6 34. Rh4 Qg5 35.
Rxg4 1-0

[Event "42nd Olympiad 2016"]
[Site "Baku AZE"]
[Date "2016.09.10"]
[Round "8.17"]
[Board "2"]
[White "Rios, Cristhian Camilo"]
[Black "Markus, Robert"]
[Result "0-1"]
[WhiteTitle "IM"]
[BlackTitle "GM"]
[WhiteElo "2489"]
[BlackElo "2662"]
[WhiteTeam "Colombia"]
[BlackTeam "Serbia"]
[WhiteFideId "4403940"]
[BlackFideId "921637"]
[EventDate "2016.09.02"]

1. d4 Nf6 2. c4 g6 3. Nc3 Bg7 4. e4 d6 5. Nf3 O-O 6. Be2 Na6 7. Bg5 h6 8. Bf4
Bg4 9. Qd2 Kh7 10. e5 Nh5 11. Be3 dxe5 12. Nxe5 Bxe2 13. Qxe2 c5 14. Rd1 Qc7 15.
O-O Bxe5 16. dxe5 Qxe5 17. Rd7 b6 18. Qf3 Nf6 19. Rb7 Nb4 20. Qh3 Ng8 21. f4 Qf5
22. Qxf5 gxf5 23. Rd1 Nc6 24. b3 Nf6 25. Nd5 Nxd5 26. Rxd5 Kg6 27. Rc7 Rfc8 28.
Rcd7 Kf6 29. Bf2 Ke6 30. g4 fxg4 31. f5+ Kf6 32. Bh4+ Kg7 33. f6+ exf6 34. R7d6
Nb4 35. Bxf6+ Kh7 36. Rh5 Kg6 37. Rh4 Rc6 0-1

[Event "42nd Olympiad 2016"]
[Site "Baku AZE"]
[Date "2016.09.10"]
[Round "8.17"]
[Board "3"]
[White "Indjic, Aleksandar"]
[Black "Barrientos, Sergio E"]
[Result "1-0"]
[WhiteTitle "GM"]
[BlackTitle "GM"]
[WhiteElo "2548"]
[BlackElo "2465"]
[WhiteTeam "Serbia"]
[BlackTeam "Colombia"]
[WhiteFideId "911925"]
[BlackFideId "4401824"]
[EventDate "2016.09.02"]

1. d4 e6 2. c4 b6 3. e4 Bb7 4. Bd3 Nc6 5. Ne2 Nb4 6. Nbc3 Nxd3+ 7. Qxd3 d6 8. d5
Qd7 9. a4 a5 10. Nd4 Nf6 11. f4 Be7 12. e5 dxe5 13. fxe5 Ng4 14. Qg3 h5 15. h3
Bc5 16. Ncb5 exd5 17. hxg4 O-O-O 18. Bg5 Qxg4 19. Qxg4+ hxg4 20. O-O-O Rxh1 21.
Rxh1 Re8 22. Rh7 Bf8 23. Rh8 Kd7 24. Bf4 Rc8 25. Nxc7 g5 26. e6+ fxe6 27. Rh7+
Be7 28. Bxg5 Kxc7 29. Bxe7 Kb8 30. Bd6+ Ka8 31. Bc7 dxc4 32. g3 Be4 33. Re7 Bd5
34. Nb5 Rf8 35. Bxb6 1-0

[Event "42nd Olympiad 2016"]
[Site "Baku AZE"]
[Date "2016.09.10"]
[Round "8.17"]
[Board "4"]
[White "Valderrama Quiceno, Esteban Alb"]
[Black "Markovic, Miroslav"]
[Result "0-1"]
[WhiteTitle "FM"]
[BlackTitle "GM"]
[WhiteElo "2427"]
[BlackElo "2459"]
[WhiteTeam "Colombia"]
[BlackTeam "Serbia"]
[WhiteFideId "4442024"]
[BlackFideId "901504"]
[EventDate "2016.09.02"]

1. Nf3 Nf6 2. g3 g6 3. Bg2 Bg7 4. O-O O-O 5. c4 d6 6. d4 Nc6 7. Nc3 Bg4 8. d5
Na5 9. Qd3 Nd7 10. b3 c5 11. dxc6 Nc5 12. Qe3 Nxc6 13. Bb2 a5 14. Rfd1 Re8 15.
Ba3 Nb4 16. Qd2 Qb6 17. Nd4 Ncd3 18. Ncb5 Nxf2 19. Kxf2 e5 20. h3 exd4 21. hxg4
d3+ 22. e3 Nc2 23. Qxd3 Nxe3 24. Nd4 Nxg4+ 25. Kg1 Re3 26. Qd2 Rxg3 0-1

[Event "42nd Olympiad 2016"]
[Site "Baku AZE"]
[Date "2016.09.10"]
[Round "8.18"]
[Board "1"]
[White "Vallejo Pons, Francisco"]
[Black "Sadorra, Julio Catalino"]
[Result "1-0"]
[WhiteTitle "GM"]
[BlackTitle "GM"]
[WhiteElo "2716"]
[BlackElo "2560"]
[WhiteTeam "Spain"]
[BlackTeam "Philippines"]
[WhiteFideId "2205530"]
[BlackFideId "5201268"]
[EventDate "2016.09.02"]

1. e4 e6 2. d4 d5 3. Nd2 Be7 4. c3 c5 5. dxc5 Bxc5 6. Bd3 Nc6 7. Ngf3 Nf6 8. O-O
O-O 9. e5 Nd7 10. Nb3 Bb6 11. Re1 f6 12. exf6 Nxf6 13. Nbd4 Qd6 14. Be3 Ng4 15.
Bxh7+ Kh8 16. Bc2 e5 17. Nxc6 Nxe3 18. Rxe3 Bxe3 19. Ncxe5 Bxf2+ 20. Kh1 Bf5 21.
Bxf5 Rxf5 22. Qc2 Raf8 23. Qxf2 Qxe5 24. Nxe5 Rxf2 25. Ng6+ Kg8 26. Nxf8 Kxf8
27. Rb1 g5 28. h3 Ke7 29. Kh2 b5 30. Kg3 Rd2 31. Kf3 Kf6 32. a3 a5 33. g3 b4 34.
cxb4 axb4 35. a4 Ke5 36. a5 Kd6 37. Kg4 Rd3 38. Rc1 Re3 39. a6 Re8 40. Kxg5 d4
41. h4 Kd5 42. h5 d3 43. h6 Kd4 44. h7 d2 45. Rd1 Kd3 46. g4 Kc2 47. Rxd2+ Kxd2
48. Kf6 Ra8 49. a7 1-0

[Event "42nd Olympiad 2016"]
[Site "Baku AZE"]
[Date "2016.09.10"]
[Round "8.18"]
[Board "2"]
[White "Torre, Eugenio"]
[Black "Salgado Lopez, Ivan"]
[Result "1-0"]
[WhiteTitle "GM"]
[BlackTitle "GM"]
[WhiteElo "2447"]
[BlackElo "2662"]
[WhiteTeam "Philippines"]
[BlackTeam "Spain"]
[WhiteFideId "5200016"]
[BlackFideId "2257327"]
[EventDate "2016.09.02"]

1. d4 Nf6 2. Bg5 g6 3. Bxf6 exf6 4. e3 Bg7 5. Ne2 f5 6. g3 d5 7. Bg2 c6 8. O-O
h5 9. c4 dxc4 10. Na3 h4 11. Nxc4 hxg3 12. hxg3 Be6 13. Qd3 Bd5 14. Rfe1 Na6 15.
Rac1 Bxg2 16. Kxg2 Qd5+ 17. f3 O-O 18. Nf4 Qb5 19. a3 c5 20. d5 Qd7 21. d6 b5
22. Na5 Rab8 23. Rcd1 Rfd8 24. e4 fxe4 25. Qxe4 Rb6 26. Nd5 Rxd6 27. Ne7+ Kf8
28. Rxd6 Qxd6 29. Nb7 Qd2+ 30. Re2 Rd4 31. Nxg6+ Kg8 32. Qe8+ Kh7 33. Rxd2 Rxd2+
34. Kh3 fxg6 35. Qxb5 Rxb2 36. Qxa6 c4 37. Nc5 c3 38. Qxa7 Re2 39. Qc7 c2 40.
Nd3 1-0

[Event "42nd Olympiad 2016"]
[Site "Baku AZE"]
[Date "2016.09.10"]
[Round "8.18"]
[Board "3"]
[White "Anton Guijarro, David"]
[Black "Barcenilla, Rogelio"]
[Result "1-0"]
[WhiteTitle "GM"]
[BlackTitle "GM"]
[WhiteElo "2630"]
[BlackElo "2455"]
[WhiteTeam "Spain"]
[BlackTeam "Philippines"]
[WhiteFideId "2285525"]
[BlackFideId "5200059"]
[EventDate "2016.09.02"]

1. d4 Nf6 2. c4 g6 3. Nc3 Bg7 4. e4 d6 5. Nf3 O-O 6. h3 e5 7. d5 a5 8. g4 Na6 9.
Be3 Nc5 10. Nd2 c6 11. Be2 cxd5 12. cxd5 b6 13. h4 Ne8 14. a3 f5 15. g5 f4 16.
Bxc5 bxc5 17. Bg4 f3 18. Bxc8 Qxc8 19. Qa4 Rf7 20. Nc4 Qd8 21. O-O-O Bf8 22. Rd3
h6 23. gxh6 Rf4 24. Kb1 Bxh6 25. Rg1 Kh7 26. Rg3 Nf6 27. Rdxf3 Nxe4 28. Nxe4
Rxe4 29. h5 Ra7 30. Ka2 Rd4 31. Rf7+ Rxf7 32. hxg6+ Kg7 33. gxf7+ Kxf7 34. Qb3
Bg5 35. Qc2 Kf6 36. Qe2 Kg6 37. Rh3 Bh4 38. Qc2+ Kf6 39. Qh7 Bg5 40. Rf3+ Rf4
41. Nd2 e4 42. Nxe4+ Ke5 43. Re3 Kxd5 44. Qb7+ Kd4 45. Qb3 1-0

[Event "42nd Olympiad 2016"]
[Site "Baku AZE"]
[Date "2016.09.10"]
[Round "8.18"]
[Board "4"]
[White "Bersamina, Paulo"]
[Black "Ibarra Jerez, Jose Carlos"]
[Result "1/2-1/2"]
[WhiteTitle "IM"]
[BlackTitle "GM"]
[WhiteElo "2408"]
[BlackElo "2566"]
[WhiteTeam "Philippines"]
[BlackTeam "Spain"]
[WhiteFideId "5206995"]
[BlackFideId "2226332"]
[EventDate "2016.09.02"]

1. e4 e5 2. Nf3 d6 3. d4 exd4 4. Nxd4 Nf6 5. Nc3 Be7 6. g3 d5 7. e5 Ng4 8. Bg2
O-O 9. f4 c5 10. Ndb5 a6 11. Na3 d4 12. Nd5 Be6 13. Nxe7+ Qxe7 14. O-O f5 15.
exf6 Nxf6 16. Re1 Qf7 17. Bxb7 Qxb7 18. Rxe6 Nbd7 19. Bd2 Qxb2 20. Nc4 Qb7 21.
Qf1 Ne4 22. Nd6 Nxd6 23. Rxd6 Ne5 24. fxe5 Rxf1+ 25. Rxf1 Qe4 26. e6 Re8 27. Re1
Qxc2 28. Bf4 Qc3 29. Re5 h6 30. h4 d3 31. e7 Kf7 32. Rf5+ Kg8 33. Re5 c4 34. Rd8
Qa1+ 35. Kg2 Qxa2+ 36. Kh3 Qa4 37. Rxe8+ Qxe8 38. Bd2 Kf7 39. Kh2 g5 40. hxg5
hxg5 41. Kg1 Kf6 42. Re3 Kf5 43. Kg2 Qa8+ 44. Kg1 Qe8 45. Kg2 Qa8+ 46. Kg1 1/2-1/2

[Event "42nd Olympiad 2016"]
[Site "Baku AZE"]
[Date "2016.09.10"]
[Round "8.19"]
[Board "1"]
[White "Ftacnik, Lubomir"]
[Black "Stefansson, Hannes"]
[Result "1/2-1/2"]
[WhiteTitle "GM"]
[BlackTitle "GM"]
[WhiteElo "2548"]
[BlackElo "2574"]
[WhiteTeam "Slovakia"]
[BlackTeam "Iceland"]
[WhiteFideId "14900017"]
[BlackFideId "2300087"]
[EventDate "2016.09.02"]

1. Nf3 d5 2. d4 Nf6 3. c4 c6 4. Nbd2 Bf5 5. Nh4 Bc8 6. e3 g6 7. Be2 Bg7 8. O-O
O-O 9. Nhf3 Bf5 10. b3 Ne4 11. Bb2 Nd7 12. Nxe4 Bxe4 13. Nd2 Bf5 14. g4 Be6 15.
f4 f5 16. g5 Nc5 17. Ba3 Ne4 18. Nxe4 fxe4 19. Rc1 Qd7 20. cxd5 cxd5 21. Qd2
Rfc8 22. Rxc8+ Rxc8 23. Rc1 Bf8 24. Rxc8 Qxc8 25. Qc1 Qxc1+ 26. Bxc1 Bd7 27. Ba3
e6 28. Bxf8 Kxf8 29. Kf2 b5 30. a3 Ke7 31. h4 a5 32. b4 axb4 33. axb4 Be8 34.
Kg3 Kd6 35. h5 Bd7 36. h6 Be8 37. Bf1 1/2-1/2